[Event "BAN-chT 1st League"]
[Site "Dhaka"]
[Date "2022.03.16"]
[Round "7.3"]
[White "Ratan, Ali"]
[Black "Muthaiah, Al"]
[Result "0-1"]
[WhiteElo "1978"]
[BlackElo "2403"]
[PlyCount "100"]
[EventDate "2022.03.10"]
[EventType "team-tourn"]
[EventRounds "11"]
[EventCountry "BAN"]
[SourceTitle "EXT 2023"]
[Source "ChessBase"]
[SourceDate "2022.10.05"]
[SourceVersion "1"]
[SourceVersionDate "2022.10.05"]
[SourceQuality "1"]
[WhiteTeam "Dhaka CC"]
[BlackTeam "Sultana Kamal Smirity Pathagar"]
[WhiteTeamCountry "BAN"]
[BlackTeamCountry "BAN"]

1. e4 c5 2. Nf3 Nc6 3. d4 cxd4 4. Nxd4 g6 5. Nc3 Bg7 6. Be3 Nf6 7. Be2 0-0 8. 0-0 d5 9. exd5 Nxd5 10. Nxd5 Qxd5 11. Bf3 Qc4 12. Nxc6 bxc6 13. c3 Bf5 14. Be2 Qe6 15. Qa4 Rfb8 16. Qa3 Qd6 17. Qxd6 exd6 18. b3 d5 19. Rac1 a5 20. Rfd1 h5 21. h3 h4 22. Bd3 Be6 23. c4 a4 24. cxd5 cxd5 25. Rb1 d4 26. Bf4 axb3 27. axb3 Rxb3 28. Bg5 Rxd3 29. Rxd3 Bf5 30. Rdd1 Bxb1 31. Rxb1 d3 32. Rd1 Ra3 33. Bxh4 f5 34. Bg5 Kf7 35. g3 Ke6 36. Kg2 Kd5 37. Kf3 Kc4 38. Rc1+ Rc3 39. Rd1 Bd4 40. Be3 Rc2 41. g4 Bxe3 42. Kxe3 Re2+ 43. Kf3 Re4 44. Rc1+ Kb3 45. Rc5 Rd4 46. Rb5+ Kc4 47. Rb1 d2 48. Ke2 Kc3 49. Ra1 Re4+ 50. Kf3 Kb2 0-1

[Event "BAN-chB 44th"]
[Site "Dhaka"]
[Date "2018.11.18"]
[Round "7"]
[White "Ahmed, Mahtabuddin"]
[Black "Ratan, Ali"]
[Result "1-0"]
[WhiteElo "2119"]
[BlackElo "1933"]
[PlyCount "129"]
[EventDate "2018.11.13"]
[EventType "swiss"]
[EventRounds "9"]
[EventCountry "BAN"]
[SourceTitle "CBM 187 Extra"]
[Source "ChessBase"]
[SourceDate "2018.11.04"]
[SourceVersion "1"]
[SourceVersionDate "2018.11.04"]
[SourceQuality "1"]

1. Nf3 d5 2. d4 e6 3. g3 c6 4. Bg2 f5 5. b3 Nf6 6. Bb2 Bd6 7. Nbd2 0-0 8. 0-0 Ne4 9. Nxe4 fxe4 10. Ne1 Nd7 11. f3 exf3 12. exf3 e5 13. Nd3 exd4 14. Bxd4 c5 15. Be3 d4 16. Bf4 Bxf4 17. Nxf4 Nf6 18. Qd3 Kh8 19. c3 dxc3 20. Qxc3 b6 21. Rad1 Qe8 22. Rfe1 Qf7 23. Bf1 Re8 24. Bc4 Rxe1+ 25. Rxe1 Qf8 26. Nd5 Nxd5 27. Bxd5 Rb8 28. Re4 Qd8 29. Qe5 Bd7 30. Rh4 Qe8 31. Qc3 Bf5 32. Be4 Qd7 33. Bxf5 Qxf5 34. Re4 Rd8 35. Qd3 Qf6 36. Qe2 h6 37. Kg2 Qc3 38. Kh3 Rf8 39. f4 Qf6 40. Re7 Rf7 41. Re5 Rf8 42. Qe4 Kg8 43. Re7 Rf7 44. Qa8+ Kh7 45. Re5 Qg6 46. Qc8 Qf6 47. Qa8 Qg6 48. Qd5 Qf6 49. Re6 Qf5+ 50. Qxf5+ Rxf5 51. Re7 a6 52. Ra7 a5 53. Kg4 Rf6 54. Rb7 Kg6 55. f5+ Kh7 56. Kf4 Rd6 57. Ke5 Rd2 58. f6 Rxa2 59. Rxg7+ Kh8 60. Rb7 Rf2 61. Ke6 Re2+ 62. Kf5 c4 63. Kg6 Re8 64. Rh7+ Kg8 65. f7+ 1-0

[Event "BAN-chB 42nd"]
[Site "Dhaka"]
[Date "2016.10.23"]
[Round "4"]
[White "Mohammad, Sagar"]
[Black "Ratan, Ali"]
[Result "1/2-1/2"]
[WhiteElo "2010"]
[BlackElo "1929"]
[PlyCount "70"]
[EventDate "2016.10.20"]
[EventType "swiss"]
[EventRounds "11"]
[EventCountry "BAN"]
[SourceTitle "CBM 175 Extra"]
[Source "ChessBase"]
[SourceDate "2016.12.12"]
[SourceVersion "1"]
[SourceVersionDate "2016.12.12"]
[SourceQuality "1"]

1. e4 c5 2. Nf3 d6 3. d4 cxd4 4. Nxd4 Nf6 5. Nc3 a6 6. Bg5 e6 7. f4 Be7 8. Qf3 Qc7 9. 0-0-0 Nbd7 10. g4 b5 11. Bxf6 Nxf6 12. g5 Nd7 13. h4 Bb7 14. Bh3 Nc5 15. b4 Na4 16. Nxa4 bxa4 17. Qd3 d5 18. e5 Bxb4 19. f5 exf5 20. Bxf5 Qc3 21. Qxc3 Bxc3 22. e6 fxe6 23. Bxe6 Ke7 24. Bg4 Kd6 25. Rh3 Bxd4 26. Rxd4 Kc5 27. Rxa4 Rae8 28. Rc3+ Kd6 29. Rb4 Bc8 30. Rb6+ Ke5 31. Bxc8 Rxc8 32. Rxc8 Rxc8 33. Rxa6 Rc4 34. Ra7 Rxh4 35. Rxg7 Kf4 1/2-1/2

[Event "BAN-chB 41st"]
[Site "Dhaka"]
[Date "2015.10.19"]
[Round "5"]
[White "Masum, Hossain"]
[Black "Ratan, Ali"]
[Result "1/2-1/2"]
[WhiteElo "2086"]
[BlackElo "1961"]
[PlyCount "68"]
[EventDate "2015.10.15"]
[EventType "swiss"]
[EventRounds "11"]
[EventCountry "BAN"]
[SourceTitle "CBM 169 Extra"]
[Source "ChessBase"]
[SourceDate "2015.12.18"]
[SourceVersion "1"]
[SourceVersionDate "2015.12.18"]
[SourceQuality "1"]

1. e4 c5 2. b3 Nc6 3. Bb2 e6 4. Bb5 Nf6 5. Bxc6 bxc6 6. Qe2 d5 7. d3 Be7 8. Nd2 Ba6 9. c4 0-0 10. f4 d4 11. g4 Nd7 12. 0-0-0 Bb7 13. h4 a5 14. a4 Qc7 15. Nh3 Rfe8 16. g5 Bf8 17. e5 Rab8 18. Nf2 Bc8 19. Ng4 Kh8 20. h5 Qb7 21. g6 Nb6 22. Ba3 Rd8 23. Rh2 Rd7 24. h6 fxg6 25. hxg7+ Rxg7 26. Rdh1 Be7 27. Ne4 Nd7 28. Nef6 Nf8 29. Ne8 Rf7 30. Nh6 Rxf4 31. Nf6 Bxf6 32. exf6 Rxf6 33. Qe5 Nd7 34. Nf7+ Kg8 1/2-1/2